000 01523nam a2200337 i 4500
001 141883
003 ES-MaACL
005 20250809184645.0
007 t|
008 071001s1949 sp |||| | spa d
080 _a946"15"(093)
245 0 0 _aRelaciones histórico-geográfico-estadísticas de los pueblos de España hechas por iniciativa de Felipe II /
_c[edición de] Carmelo Viñas y Mey y Ramón Paz.
260 _aMadrid :
_bConsejo Superior de Investigaciones Científicas,
_c1949.
300 _a3 v. ;
_c26 cm.
505 8 _aContiene : I. Provincia de Madrid (XVII, 784 p.) - II. Reino de Toledo, primera parte (XXIII, 575 p.) - III. Ciudad Real (XXIV, 618 p.)
594 _aEn port.: Instituto Balmes, de Sociología; Instituto Juan Sebastián Elcano, de Geografía.
651 _aMadrid (Comunidad Autónoma)-
_xDescripción-
_vObras anteriores a 1800.
_9155103
651 4 _aMadrid (Comunidad Autónoma)-
_xHistoria.
_98997
651 4 _aToledo (Provincia)-
_xDescripción.
_9169481
651 4 _aToledo (Provincia)-
_xHistoria.
_9153468
651 4 _aCiudad Real (Provincia)-
_xDescripción.
_9153471
651 4 _aCiudad Real (Provincia)-
_xHistoria.
_9153470
700 1 _aViñas y Mey, Carmelo
_9115384
700 1 _aPaz, Ramón.
_989759
710 2 _aInstituto Balmes de Sociología.
_94799
710 2 _aInstituto "Juan Sebastián Elcano"
_95113
852 4 _aES-MaACL
_jE-5749
_z(I. Provincia de Madrid)
852 4 _aES-MaACL
_jP-1050
942 _2udc
999 _c141883
_d141883